| 000 | 00947nam a2200289 i 4500 | ||
|---|---|---|---|
| 001 | 11260 | ||
| 003 | ES-MaACL | ||
| 005 | 20230906150049.0 | ||
| 007 | t| | ||
| 008 | 921022s1992 sp |||| | spa j | ||
| 020 | _a84-7100-233-7 | ||
| 080 | _a910.4(=1.47)"17/18" | ||
| 080 | _a327(47:73)"17/18" | ||
| 080 | _a327(73:47)"17/18" | ||
| 100 | 1 |
_aBolkhovitinov, Nikolai N. _929970 |
|
| 245 | 1 | 0 |
_aRusia y América _b: (ca. 1523-1867) / _cNikolai N. Bolkhovitinov. |
| 260 |
_aMadrid : _bMAPFRE, _c[1992] |
||
| 300 |
_a289 p. : _bil. ; _c23 cm. |
||
| 490 | 1 |
_aRealidades americanas [i.e. Europa y América] ; _v3 |
|
| 500 | _aÍndices. | ||
| 504 | _aBibliografía: p. [271]-275. | ||
| 651 | 4 |
_aRusia- _xRelaciones- _zEstados Unidos. _9168840 |
|
| 651 | 4 |
_aEstados Unidos- _xRelaciones- _zRusia. _9168841 |
|
| 830 | 0 |
_aRealidades americanas [i.e. Europa y América] ; _v3 _9228188 |
|
| 852 |
_aES-MaACL _jL-18605 |
||
| 999 |
_c11260 _d11260 |
||